|
|
|
|
| LEADER |
00000cam a2200000 7i4500 |
| 001 |
0000007614 |
| 002 |
000008177 |
| 005 |
20000330.0 |
| 020 |
|
|
|a 0874495008
|
| 090 |
0 |
0 |
|a JF
|b RIS
|
| 100 |
1 |
|
|a Rissing, Karen
|
| 245 |
1 |
0 |
|a Baby animals
|c written and illustrated by Karen Rissing
|
| 260 |
|
|
|a New York :
|b Modern Publishing ,
|c 1988
|
| 300 |
|
|
|a p.v. :
|b ill. ;
|c 30 cm.
|
| 490 |
0 |
|
|a Honey Bear Books
|
| 650 |
0 |
0 |
|a Children's stories
|
| 999 |
|
|
|a 052477
|b BUKU
|c PINJAMAN
|e PERPUSTAKAAN KOMUNITI PETALING JAYA
|
| 999 |
|
|
|a 052478
|b BUKU
|c PINJAMAN
|e PERPUSTAKAAN KOMUNITI PETALING JAYA
|
| 999 |
|
|
|a 055385
|b BUKU
|c PINJAMAN
|e PERPUSTAKAAN KOMUNITI PETALING JAYA
|